Partition's post-amnesias : (Record no. 80678)

MARC details
000 -LEADER
fixed length control field 00660nam a22002057a 4500
005 - DATE AND TIME OF LATEST TRANSACTION
control field 20140304153657.0
010 ## - LCCN (DPL NO)
LC control number ENG-108649
020 ## - INTERNATIONAL STANDARD BOOK NUMBER
International Standard Book Number 9788188965779
Terms of availability 475.00
035 ## - SYSTEM CONTROL NUMBER
System control number EN-92182
037 ## - SOURCE OF ACQUISITION
Source of stock number/acquisition DBAD/PUB
082 ## - DEWEY DECIMAL CLASSIFICATION NUMBER
Classification number 954.04
100 ## - MAIN ENTRY--PERSONAL NAME
Personal name Ananya Jahanara Kabir
245 ## - TITLE STATEMENT
Title Partition's post-amnesias :
Statement of responsibility, etc by Ananya Jahanara Kabir
Remainder of title 1947, 1971 and modern South Asia /
260 ## - PUBLICATION, DISTRIBUTION, ETC. (IMPRINT)
Place of publication, distribution, etc New Delhi
Date of publication, distribution, etc 2013
Name of publisher, distributor, etc Women Unlimited
270 ## - ADDRESS
Address 7/10, Sarvapriya Vihar, First Floor
City New Delhi
Postal code 110016
300 ## - PHYSICAL DESCRIPTION
Extent xiv,188p.
Dimensions 22cm(Hb)
500 ## - GENERAL NOTE
General note Includes bibliographical references and index
600 ## - SUBJECT ADDED ENTRY--PERSONAL NAME
Dates associated with a name
942 ## - ADDED ENTRY ELEMENTS (KOHA)
Source of classification or shelving scheme Dewey Decimal Classification
Item type English Books
Call number suffix ANA
Classification part 954.04
Holdings
Withdrawn status Lost status Not for loan Collection code Home library Current library Date acquired Source of acquisition Cost, normal purchase price Full call number Barcode Copy number Cost, replacement price Koha item type
    Not For Loan Non-fiction D.B.Act.Division D.B.Act.Division 18/11/2013 DBAD/PUB 475.00 954.04 ANA EN-92182 1 475.00 English Books

© Delhi Public Library
Hit Counter
free hit counter